00258nam a2200109Ia 4500008004100000100001600041245004000057260001500097650001400112942000700126999001500133190216s9999||||xx |||||||||||||| ||und|| aJhingan M L 0aMoney Banking & International Trade bVani Books aEconomics cBK c9691d9691